00364nam a22001337a 450000500170000000800410001704100130005808200120007110000120008324500350009526000460013030000280017665000260020420240725124525.0240725b |||||||| |||| 00| 0 eng d aEnglish  a349 SOU lEnglish aThe South African Law Reports  aCape Town: bJuta and Company Ltd, c1939 bx, 630 pages; c26 cm.  aLegal practice bLaw